000 01558nam a2200325 i 4500
003 DO-SdBNP
005 20250801092333.0
007 ta
008 081127s1998 dr a 000 j spa d
040 _aDO-SdBNP
_bspa
_cBNPHU
_erda
041 _aspa
049 _aBNPD
082 4 _a813.3
_bR696m
_222
100 1 _aRodríguez Calcaño, Rafael,
_eautor
_4aut.
_91335
245 1 0 _aMoby Dick /
_cHerman Melville ; versión, Rafael Rodríguez Calcaño ; ilustración, Dorindo Carvalho.
264 1 _aSanto Domingo :
_bTobogán - Panapo,
_c1998.
300 _a117 páginas :
_bilustraciones ;
_c23 cm.
336 _atexto
_btxt
_2rdacontent
337 _asin mediación
_bn
_2rdamedia
338 _avolumen
_bnc
_2rdacarrier
490 1 _aColección Clásicos Universales
505 0 _aEn busca de aventura --
_tLa posada del surtidor --
_tEncuentro a Queequeg --
_tNantucket --
_tLa partida --
_tLa tripulación --
_tEl juramento --
_tPrimera botadura --
_tEl surtidor fantasma --
_tHistoria del <<Town-Ho>> --
_tEl gran <<Squid>> --
_tLos piratas --
_tlas extremidades perdidas --
_tStarbuck y el capitán --
_tUn arpón para el cachalote --
_tLa extraña profecía --
_tEncuentro con el <<Raquel>> --
_tPrimer día de caza --
_tSegundo día de caza --
_tTercer día de caza --
_tEpílogo --
590 _aInventariado, 2025/BT
650 4 _aCuentos de mar
_91336
650 4 _aLiteratura estadounidense
_9263
700 1 2 _aMelville, Herman.
_d1819-1891.
_tMoby Dick.
_91337
700 1 _aCarvalho, Dorindo.
_eilustrador
_4il.
_91338
910 _aBtavárez
942 _2ddc
_cLBS1
999 _c59704
_d59704